000 00413nam a2200145Ia 4500
003 GCL
008 140319s9999 xx 000 0 eng d
040 _aGCL /
_cGCL
082 0 4 _a338.47664
_bW A
100 1 _aROHDE, KLAUS
245 1 0 _aASEPTIC PROCESSING AND PACKING OF PORTICULATE FOODS /
_cROHDE, KLAUS
260 _a[S.N] :
_bLITTLE, BROWN AND COMPANY ،
_c1993
650 0 4 _aPARASITOLOGY
942 _2ddc
_cBK
999 _c19356
_d19356